| 000 | 02752cam a22004454i 4500 | ||
|---|---|---|---|
| 003 | PE-LiUPU | ||
| 005 | 20250731165417.0 | ||
| 008 | 151203s2007 pe a grm 000 0 spa d | ||
| 035 | _a(Sirsi) a155413 | ||
| 040 |
_aPE-LiUPU _bspa _cPE-LiUPU _erda |
||
| 099 |
_aSP 3 _bV35 2007 |
||
| 100 | 1 |
_aValverde Yábar, Elizabeth Katherine, _eautor |
|
| 245 | 1 |
_aConocimientos, actitudes y prácticas en la prevencion de Dengue en alumnos del 5to de secundaria del pueblo joven "El Progreso" Distrito de Carabayllo Lima, Perú / _cElizabeth Katherine Valverde Yábar. |
|
| 264 | 0 | _c2007. | |
| 300 |
_a101 hojas : _bilustraciones; _c30 cm |
||
| 336 |
_atext _2rdacontent |
||
| 337 |
_aunmediated _2rdamedia |
||
| 338 |
_avolume _2rdacarrier |
||
| 502 |
_aTesis _b(Mg.) -- _cUniversidad Peruana Unión, _d2007. |
||
| 504 | _aIncluye referencias | ||
| 520 | 3 | _aEl dengue es una enfermedad transmitida por la picadura de un mosquito Aedes aegypti infectado por cualquiera de los cuatro virus del dengue. Es una enfermedad grave, con síntomas que afectan a lactantes, niños pequeños y adultos y que no tiene ningún tratamiento específico. En América Latina y el Caribe, la incidencia y la gravedad de la enfermedad están aumentando rápidamente. La OPS con el modelo de Estrategia de Gestión Integral (EGI) para la prevención y control del dengue, incluye a la comunidad como fuerte participante en la prevención del dengue y en las acciones de control. En el Perú, existen casos reportados en Lima lo que demuestra la expansión del vector en el país, lo cual motivó la realización de un programa de intervención basado en el modelo PRECEDE-PROCEDE aplicado a estudiantes del 5to de secundaria como potenciales agentes de cambio dentro de su comunidad. La población intervenida fueron 140 estudiantes del 5to de secundaria, que mediante el programa educativo "No al dengue" recibieron capacitación entre agosto y setiembre del año 2007. Después de la implementación del Programa educativo "No al dengue" el grupo intervenido mejoró su nivel de conocimientos, grado actitudes y nivel de prácticas. La eficiencia del programa educativo demostró factibilidad en generalizar su implementación en poblaciones afectadas. | |
| 526 | _aSEG44 | ||
| 526 | _aSEG26 | ||
| 526 | _aP151 | ||
| 526 | _aP150 | ||
| 526 | _aP149 | ||
| 526 | _aP146 | ||
| 526 | _aP145 | ||
| 526 | _aP126 | ||
| 526 | _aP125 | ||
| 526 | _aP92 | ||
| 526 | _aP75 | ||
| 526 | _aP74 | ||
| 526 | _aP27 | ||
| 526 | _aP15 | ||
| 650 | 0 | 4 | _aDengue. |
| 596 | _a1 | ||
| 942 |
_2ddc _cTESIS |
||
| 999 |
_aSP 3 V35 2007 _wALPHANUM _c8094 _iT01020 _lCCODEBUL3 _mBUL _r1 _sY _tTESIS _u2015-12-3 _xPOSGRADO _PP82 _o.STAFF. Tesis _d8094 |
||
| 980 |
_81 _gALBERTO SANCHEZ Responsable de Automatización |
||